| 000 | 00757nam a2200217Ii 4500 | ||
|---|---|---|---|
| 003 | JO-AjNU | ||
| 008 | 230605s9999||||xx |||||||||||||| ||und|| | ||
| 017 | _a2004/9/2262 | ||
| 040 |
_aJO-AjNU _bara _erda _cJO-AjNU |
||
| 041 | _aara | ||
| 050 | 1 | 4 | _aHD37.A7.D34 2005 |
| 100 | 3 |
_aالضلاعين، علي, _eauthor _957197 |
|
| 245 | 0 | 0 | _aاساسيات ومبادىء ادارة الاعمال |
| 250 | _aط2 مزيدة ومنقحة | ||
| 264 | 3 | 1 | _aالكرك: دار يزيد للنشر، 2005 |
| 300 |
_a253ص _bيحتوي على ببلوغرافية من ص251-253ص |
||
| 336 |
_atext _btxt _2rdacontent |
||
| 337 |
_aunmediated _bn _2rdamedia |
||
| 338 |
_avolume _bnc _2rdacarrier |
||
| 650 | 4 |
_aادارة الاعمال- اساسيات _957198 |
|
| 999 |
_aA25616 _c29184 _d29184 |
||